Estadísticas para Países por imagen #3

Haz click aquí para intentar la prueba.

Estadísticas generales

  • Esta prueba ha sido intentada 3.210 veces
    (2.716 desde el último reinicio)
  • La puntuación promedio es 11 de 15

Estadísticas de respuestas

Respuesta% Correcto
España
94%
Estados Unidos
92%
Francia
92%
Ciudad del Vaticano
91%
Países Bajos
86%
Jordania
79%
Tanzania / Kenia
78%
Cuba
75%
Austria
71%
Hungría
60%
Irlanda
56%
Croacia
54%
Irán
53%
Argentina
52%
Taiwán
44%

Distribución de puntuación

Porcentaje por número respondido

Porcentaje de gente con cada puntuación

Historial de tus puntuaciones

No has intentado esta prueba desde el último reinicio